000 00505 a2200193 4500
005 20260130161310.0
008 260129b |||||||| |||| 00| 0 eng d
020 _a9788196078119
_cRs. 595.00
040 _aMAIN
082 _a332.1
_bS13B
100 _aSabnavis, Madan
245 _aBanking trends and controversies
260 _bKabdwal Book International
_c2023
_aMumbai
300 _axxv, 269
650 _aEconomics
650 _aBanking Trends
650 _aFinancial Economics
942 _cBK
999 _c395581
_d395581